[Event "WECU-ch39"]
[Site "Weston-super-Mare"]
[Date "1984.04.21"]
[Round "4"]
[White "Hallett, Paul Justin"]
[Black "Elliott, Sean"]
[Result "1/2-1/2"]
[WhiteElo "1952"]
[BlackElo "1896"]
[PlyCount "67"]
[EventDate "1984.04.19"]
[EventType "swiss"]
[EventRounds "7"]
[EventCountry "ENG"]
[SourceTitle "BritBase"]
[Source "John Saunders"]
[SourceDate "2024.07.04"]
[SourceVersion "1"]
[SourceVersionDate "2024.07.04"]
[SourceQuality "1"]

1. d4 Nf6 2. c4 c5 3. d5 e6 4. Nc3 exd5 5. cxd5 d6 6. e4 g6 7. Nf3 Bg7 8. Bd3
O-O 9. O-O a6 10. a4 Bg4 11. h3 Bxf3 12. Qxf3 Nbd7 13. Qd1 Re8 14. Re1 Qc7 15.
Bf4 Rab8 16. Rc1 Nh5 17. Bh2 Bd4 18. Rc2 Ne5 19. Bf1 Nf6 20. Ne2 Qb6 21. Nxd4
cxd4 22. Kh1 Qb4 23. Qd2 Qxa4 24. f4 d3 25. fxe5 Qxc2 26. Qxc2 dxc2 27. exf6
Rxe4 28. Rc1 Rc8 29. Bxd6 Rd4 30. Be2 Rxd5 31. Bb4 b5 32. Bf3 Rd3 33. Kg1 Rb3
34. Bg4 {Source: David LeMoir} 1/2-1/2

[Event "WECU-ch39"]
[Site "Weston-super-Mare"]
[Date "1984.04.21"]
[Round "4"]
[White "LeMoir, David A"]
[Black "Brown, Wilfred A"]
[Result "1-0"]
[WhiteElo "2128"]
[BlackElo "2112"]
[PlyCount "77"]
[EventDate "1984.04.19"]
[EventType "swiss"]
[EventRounds "7"]
[EventCountry "ENG"]
[SourceTitle "BritBase"]
[Source "John Saunders"]
[SourceDate "2024.07.04"]
[SourceVersion "1"]
[SourceVersionDate "2024.07.04"]
[SourceQuality "1"]

1. b3 d5 2. Bb2 c5 3. e3 Nc6 4. Bb5 Nf6 5. Nf3 Bg4 6. h3 Bxf3 7. Qxf3 e6 8.
Bxc6+ bxc6 9. Nc3 Bd6 10. O-O O-O 11. Na4 Qe7 12. Qe2 Nd7 13. e4 e5 14. Rae1
Nb6 15. Nc3 f5 16. exd5 cxd5 17. Nb5 e4 18. Nxd6 Qxd6 19. f3 Rae8 20. Qf2 d4
21. c3 Rd8 22. cxd4 cxd4 23. fxe4 fxe4 24. Qh4 Rxf1+ 25. Kxf1 Rf8+ 26. Kg1 Rf4
27. Qh5 g6 28. Qb5 Kg7 29. Qe8 Qd5 30. Qe7+ Kh6 31. Qb4 d3 32. Qe7 Qf5 33. Qg7+
Kg5 34. Qe7+ Kh6 35. Bg7+ Kh5 36. Be5 Nd5 37. Qxh7+ Kg5 38. Bxf4+ Qxf4 39. h4+
{Source: David LeMoir} 1-0

[Event "WECU-ch39"]
[Site "Weston-super-Mare"]
[Date "1984.04.21"]
[Round "5"]
[White "Thompson, Ian D"]
[Black "Coleman, Hugh George"]
[Result "1-0"]
[WhiteElo "2120"]
[BlackElo "2072"]
[PlyCount "91"]
[EventDate "1984.04.19"]
[EventType "swiss"]
[EventRounds "7"]
[EventCountry "ENG"]
[SourceTitle "BritBase"]
[Source "John Saunders"]
[SourceDate "2024.07.04"]
[SourceVersion "1"]
[SourceVersionDate "2024.07.04"]
[SourceQuality "1"]

1. c4 Nf6 2. Nc3 e5 3. g3 Bb4 4. Bg2 O-O 5. Nf3 Re8 6. O-O e4 7. Nd4 Bxc3 8.
dxc3 d6 9. h3 Nbd7 10. g4 Nf8 11. Qc2 h6 12. Bf4 Qe7 13. Rad1 Ng6 14. Bg3 Nh7
15. f4 Nh4 16. Bxe4 f5 17. Bf3 Nxf3+ 18. exf3 Qf7 19. b3 Bd7 20. Rde1 g6 21.
Qd2 Nf8 22. Rxe8 Rxe8 23. Re1 Rxe1+ 24. Qxe1 Ne6 25. Qe3 a6 26. Kf2 Kg7 27. Ne2
Kh7 28. Ke1 Kg7 29. Kd2 Qf6 30. Nd4 Kf7 31. Ne2 Qd8 32. Nc1 h5 33. Nd3 Qe7 34.
Qf2 b6 35. Nb4 Bc8 36. Nd5 Qe8 {(sealed move)} 37. gxf5 gxf5 38. Bh4 Bb7 39.
Ne7 Qh8 40. Nxf5 Qh7 41. Nd4 Qb1 42. Nc2 Nxf4 43. Qd4 Nxh3 44. Qf6+ Kg8 45.
Qe6+ Kg7 46. Qxh3 {Source: Ian Thompson} 1-0

[Event "WECU-ch39"]
[Site "Weston-super-Mare"]
[Date "1984.04.21"]
[Round "5"]
[White "Moore, Gerald"]
[Black "LeMoir, David A"]
[Result "0-1"]
[WhiteElo "2208"]
[BlackElo "2128"]
[PlyCount "50"]
[EventDate "1984.04.19"]
[EventType "swiss"]
[EventRounds "7"]
[EventCountry "ENG"]
[SourceTitle "BritBase"]
[Source "John Saunders"]
[SourceDate "2024.07.04"]
[SourceVersion "1"]
[SourceVersionDate "2024.07.04"]
[SourceQuality "1"]

1. d4 d5 2. c4 Nc6 3. Nf3 Bg4 4. cxd5 Bxf3 5. gxf3 Qxd5 6. e3 e5 7. Nc3 Bb4 8.
Bd2 Bxc3 9. bxc3 Qd6 10. Bg2 Nge7 11. f4 exf4 12. e4 O-O 13. O-O Rad8 14. Rb1
b6 15. Qe2 Ng6 16. Kh1 Kh8 17. Rg1 Qe6 18. e5 f6 19. Be4 fxe5 20. Qh5 Nce7 21.
d5 Rxd5 22. Rg4 Rxd2 23. Rbg1 Rf6 24. Rh4 h6 25. Rhg4 Rd6 {Source: David LeMoir
} 0-1

[Event "WECU-ch39"]
[Site "Weston-super-Mare"]
[Date "1984.04.21"]
[Round "5"]
[White "Ashby, Alan Peter"]
[Black "Lane, Gary William"]
[Result "0-1"]
[WhiteElo "2256"]
[BlackElo "2320"]
[PlyCount "86"]
[EventDate "1984.04.19"]
[EventType "swiss"]
[EventRounds "7"]
[EventCountry "ENG"]
[SourceTitle "BritBase"]
[Source "John Saunders"]
[SourceDate "2024.07.04"]
[SourceVersion "1"]
[SourceVersionDate "2024.07.04"]
[SourceQuality "1"]

1. e4 e5 2. Nf3 Nc6 3. Bb5 a6 4. Ba4 Nf6 5. O-O Be7 6. Re1 b5 7. Bb3 d6 8. c3
O-O 9. d4 Bg4 10. Be3 exd4 11. cxd4 Na5 12. Bc2 c5 13. h3 Bh5 14. Nbd2 cxd4 15.
Bxd4 Nc6 16. Be3 d5 17. Rc1 (17. e5 Ne4 (17... Ne8 $142 {APA/Lane} 18. Bxh7+
$16 {Fritz}) (17... Nxe5 18. g4 Nxf3+ 19. Nxf3 Bg6 20. Bxg6 $14 {Fritz}) 18. g4
Bg6 19. Nf1 {/\Bb3}) 17... Rc8 18. exd5 Nxd5 19. Bf5 (19. Be4 $142) 19... Rc7
20. Bc5 Bxc5 21. Rxc5 Nce7 (21... Nd4 $142) 22. Rxc7 Qxc7 23. Bb1 (23. Qc2 $1
$10) 23... Nf4 24. Qc2 Qxc2 25. Bxc2 Nc6 26. a3 h6 27. b4 Rd8 28. Be4 Nd4 29.
Bb7 (29. Nxd4 $6 Rxd4 30. Nb3 Ne2+ $1 31. Rxe2 Rd1+ $16) 29... Nc2 30. Re5 Nxa3
31. Bxa6 Bxf3 32. Nxf3 Nd5 33. Re4 (33. Nd4 $5 f6 $13 (33... Nc7 34. Nxb5 $1
$10)) 33... Rb8 34. Rd4 Nc7 35. Rd6 Nc2 36. Rc6 Nxb4 37. Rxc7 Nxa6 38. Ra7 Nc5
39. Nd4 $2 (39. Kf1 $142) 39... b4 40. Ra1 b3 41. Rb1 b2 42. f3 Nd3 43. Ne2 Rc8
{Source: Alan Ashby collection} 0-1

[Event "WECU-ch39"]
[Site "Weston-super-Mare"]
[Date "1984.04.22"]
[Round "6"]
[White "Rossiter, Philip J"]
[Black "Beaumont, Chris"]
[Result "0-1"]
[WhiteElo "2144"]
[BlackElo "2120"]
[PlyCount "52"]
[EventDate "1984.04.19"]
[EventType "swiss"]
[EventRounds "7"]
[EventCountry "ENG"]
[SourceTitle "BritBase"]
[Source "John Saunders"]
[SourceDate "2024.07.04"]
[SourceVersion "1"]
[SourceVersionDate "2024.07.04"]
[SourceQuality "1"]

1. e4 d6 2. d4 Nf6 3. Nc3 g6 4. Bc4 Bg7 5. Qe2 Nc6 6. Nf3 Bg4 7. Be3 O-O 8.
O-O-O Nxe4 9. Nxe4 d5 10. Bd3 dxe4 11. Bxe4 Qc8 12. Qc4 e5 13. Bxc6 bxc6 14.
Qxc6 e4 15. Qxe4 Bf5 16. Qc6 Rb8 17. c3 Rb6 18. Qc4 Qb7 19. Rd2 Qe4 20. Kd1
Qb1+ 21. Ke2 Qxh1 22. d5 Qxg2 23. Bxb6 axb6 24. Ne1 Re8+ 25. Kd1 Qg1 26. Re2
Bg4 {Source: David LeMoir} 0-1

[Event "WECU-ch39"]
[Site "Weston-super-Mare"]
[Date "1984.04.22"]
[Round "6"]
[White "Thompson, Ian D"]
[Black "Brown, Wilfred A"]
[Result "0-1"]
[WhiteElo "2120"]
[BlackElo "2112"]
[PlyCount "104"]
[EventDate "1984.04.19"]
[EventType "swiss"]
[EventRounds "7"]
[EventCountry "ENG"]
[SourceTitle "BritBase"]
[Source "John Saunders"]
[SourceDate "2024.07.04"]
[SourceVersion "1"]
[SourceVersionDate "2024.07.04"]
[SourceQuality "1"]

1. c4 g6 2. Nc3 Bg7 3. g3 c5 4. Bg2 Nc6 5. e4 d6 6. Nge2 Nf6 7. O-O O-O 8. d3
Ne8 9. Rb1 Rb8 10. a3 Nc7 11. Be3 Nd4 12. b4 Nce6 13. Qd2 Bd7 14. f4 f5 15. Bf2
Kh8 16. bxc5 dxc5 17. exf5 gxf5 18. Rxb7 Rxb7 19. Bxb7 Qa5 20. Nxd4 Nxd4 21.
Nb1 Qa4 22. Qd1 Rb8 23. Bg2 Kg8 24. Qe1 Kf7 25. h3 Rb2 26. g4 Qc2 27. g5 Qxd3
28. Bh4 Re2 29. Qd1 Qe3+ 30. Bf2 Qxf4 31. Nc3 Rc2 32. Qh5+ Kf8 33. Nd5 Qd2 34.
Ne3 Ne2+ 35. Kh1 Qxe3 36. Qxh7 Qxg5 37. Bh4 Qxg2+ 38. Kxg2 Bc6+ 39. Rf3 Nd4+
40. Kf1 Bxf3 41. Bxe7+ Kxe7 42. Qxg7+ Ke6 43. Qxa7 Be2+ 44. Kg1 Bxc4 {(sealed
move)} 45. Qb6+ Kd5 46. Qb7+ Ke5 47. Qe7+ Kf4 48. Qh4+ Ke3 49. Qg5+ Ke4 50.
Qh4+ f4 51. Qh7+ Ke3 52. Qe7+ Be6 {Source: Ian Thompson} 0-1

[Event "WECU-ch39"]
[Site "Weston-super-Mare"]
[Date "1984.04.22"]
[Round "6"]
[White "LeMoir, David A"]
[Black "Lane, Gary William"]
[Result "1/2-1/2"]
[WhiteElo "2128"]
[BlackElo "2320"]
[PlyCount "30"]
[EventDate "1984.04.19"]
[EventType "swiss"]
[EventRounds "7"]
[EventCountry "ENG"]
[SourceTitle "BritBase"]
[Source "John Saunders"]
[SourceDate "2024.07.04"]
[SourceVersion "1"]
[SourceVersionDate "2024.07.04"]
[SourceQuality "1"]

1. b3 e5 2. Bb2 Nc6 3. e3 d6 4. Bb5 Bd7 5. Ne2 a6 6. Bxc6 Bxc6 7. O-O Qg5 8. f3
h5 9. c4 Nf6 10. Nbc3 h4 11. e4 Be7 12. Nd5 Nxd5 13. cxd5 Bd7 14. d4 O-O 15.
Qc1 Bb5 {Source: David LeMoir} 1/2-1/2

[Event "WECU-ch39"]
[Site "Weston-super-Mare"]
[Date "1984.04.22"]
[Round "6"]
[White "Adams, Michael"]
[Black "Ashby, Alan Peter"]
[Result "1/2-1/2"]
[WhiteElo "1976"]
[BlackElo "2256"]
[PlyCount "49"]
[EventDate "1984.04.19"]
[EventType "swiss"]
[EventRounds "7"]
[EventCountry "ENG"]
[SourceTitle "BritBase"]
[Source "John Saunders"]
[SourceDate "2024.07.04"]
[SourceVersion "1"]
[SourceVersionDate "2024.07.04"]
[SourceQuality "1"]

1. e4 c5 2. Nf3 e6 3. d4 cxd4 4. Nxd4 a6 5. Nc3 Qc7 6. Be2 b5 7. a3 Bb7 8. O-O
Nf6 9. Bf3 d6 10. g4 h6 {(see game 237 for Nc6)} 11. Bg2 Nc6 12. h3 Be7 13. Kh1
O-O-O 14. Nxc6 Bxc6 15. f4 Qb7 16. Qe2 e5 (16... Nd7 17. Rd1 {/\Nd5}) 17. fxe5
dxe5 18. Be3 Rd7 19. Bg1 Rhd8 20. Qe3 Bd6 (20... Rd2 21. Rf2 $10) (20... Rd4
21. Rae1 Bc5 $13) 21. Rad1 Bb8 22. Rxd7 Rxd7 23. Qc5 Bd6 24. Qe3 Bb8 25. Qc5 {
Source: Alan Ashby collection} 1/2-1/2

[Event "WECU-ch39"]
[Site "Weston-super-Mare"]
[Date "1984.04.22"]
[Round "6"]
[White "House, Keith C"]
[Black "Boyce, James R"]
[Result "0-1"]
[WhiteElo "1976"]
[BlackElo "2048"]
[PlyCount "62"]
[EventDate "1984.04.19"]
[EventType "swiss"]
[EventRounds "7"]
[EventCountry "ENG"]
[SourceTitle "BritBase"]
[Source "John Saunders"]
[SourceDate "2024.07.04"]
[SourceVersion "1"]
[SourceVersionDate "2024.07.04"]
[SourceQuality "1"]

1. d4 d5 2. Nf3 Nf6 3. Bf4 Bf5 4. e3 e6 5. Nbd2 Be7 6. c4 O-O 7. Rc1 c6 8. Be2
Nbd7 9. O-O Re8 10. c5 Nh5 11. Bg5 Bxg5 12. Nxg5 Qxg5 13. Bxh5 e5 14. dxe5 Bh3
15. Qf3 Be6 16. Qd1 Qxe5 17. Rc3 Nf6 18. Be2 Ne4 19. Nxe4 dxe4 20. Qc2 Rad8 21.
b4 Re7 22. a4 Red7 23. Qc1 h6 24. Bc4 Rd2 25. Bxe6 Qxe6 26. h3 Qa2 27. Qb1 Rxf2
28. Qxa2 Rxa2 29. Rf4 Rdd2 30. g4 Rg2+ 31. Kf1 Rgb2 {Source: David LeMoir} 0-1

[Event "WECU-ch39"]
[Site "Weston-super-Mare"]
[Date "1984.04.22"]
[Round "6"]
[White "Shire, David John"]
[Black "House, Paul G"]
[Result "1/2-1/2"]
[WhiteElo "2160"]
[BlackElo "2040"]
[PlyCount "33"]
[EventDate "1984.04.19"]
[EventType "swiss"]
[EventRounds "7"]
[EventCountry "ENG"]
[SourceTitle "BritBase"]
[Source "John Saunders"]
[SourceDate "2024.07.04"]
[SourceVersion "1"]
[SourceVersionDate "2024.07.04"]
[SourceQuality "1"]

1. d4 Nf6 2. c4 g6 3. Nc3 Bg7 4. e4 d6 5. f4 O-O 6. Nf3 c5 7. d5 e6 8. Be2 exd5
9. e5 Ng4 10. cxd5 dxe5 11. h3 e4 12. hxg4 exf3 13. gxf3 Re8 14. f5 Nd7 15. Bh6
Qf6 16. Qd2 b5 17. O-O-O {Source: Westward Ho (WECU Bulletin), July 1984 
(notes to the game D Shire - P House)} 1/2-1/2

[Event "WECU-ch39"]
[Site "Weston-super-Mare"]
[Date "1984.04.23"]
[Round "7"]
[White "Cowling, Miles L"]
[Black "House, Keith C"]
[Result "1-0"]
[WhiteElo "2320"]
[BlackElo "1976"]
[PlyCount "79"]
[EventDate "1984.04.19"]
[EventType "swiss"]
[EventRounds "7"]
[EventCountry "ENG"]
[SourceTitle "BritBase"]
[Source "John Saunders"]
[SourceDate "2024.07.04"]
[SourceVersion "1"]
[SourceVersionDate "2024.07.04"]
[SourceQuality "1"]

1. e4 e5 2. Nf3 d6 3. d4 Nd7 4. Bc4 c6 5. dxe5 dxe5 6. O-O Be7 7. Nc3 Ngf6 8.
Qe2 O-O 9. h3 Qc7 10. a3 b5 11. Bb3 a5 12. Bg5 Ba6 13. Nd1 Nc5 14. Nd2 Nxb3 15.
cxb3 Rfd8 16. b4 axb4 17. axb4 Bxb4 18. Bxf6 Rxd2 19. Qg4 Bf8 20. Qg5 Qd7 21.
Bxe5 b4 22. Ne3 Kh8 23. Nd5 Rxd5 24. exd5 f6 25. Bxf6 gxf6 26. Qxf6+ Bg7 27.
Qxc6 Qxc6 28. dxc6 Bxb2 29. Ra4 Bc3 30. Rd1 b3 31. c7 b2 32. Rxa6 Rc8 33. Rc6
Be5 34. Rb1 Kg7 35. g3 Kf7 36. Kg2 Ke7 37. f4 Bd4 38. Rc2 Kf6 39. Kf3 Kf5 40.
Rc6 {Source: David LeMoir} 1-0

[Event "WECU-ch39"]
[Site "Weston-super-Mare"]
[Date "1984.04.23"]
[Round "7"]
[White "Ashby, Alan Peter"]
[Black "Collier, David O"]
[Result "0-1"]
[WhiteElo "2256"]
[BlackElo "2064"]
[PlyCount "68"]
[EventDate "1984.04.19"]
[EventType "swiss"]
[EventRounds "7"]
[EventCountry "ENG"]
[SourceTitle "BritBase"]
[Source "John Saunders"]
[SourceDate "2024.07.04"]
[SourceVersion "1"]
[SourceVersionDate "2024.07.04"]
[SourceQuality "1"]

1. e4 e6 2. d4 b6 3. f3 $6 d5 4. e5 Ba6 5. Bxa6 Nxa6 6. Ne2 (6. f4 $5) 6... c5
7. c3 Qd7 8. O-O Ne7 9. Ng3 h5 10. Bg5 h4 11. Nh1 Nf5 12. Nf2 Nb8 13. Na3 $2
cxd4 14. cxd4 Bxa3 15. bxa3 Nc6 16. Ng4 Ncxd4 17. Rf2 Qb5 18. Rc1 Kd7 19. a4
Qa6 20. Rd2 Rac8 21. Rxc8 Rxc8 22. Bxh4 $2 Nxf3+ $1 23. Qxf3 Rc1+ 24. Rd1 Rxd1+
25. Qxd1 Nxh4 26. Ne3 Qa5 27. g3 $6 Qc5 28. gxh4 Qxe3+ 29. Kg2 Qxe5 30. Qb3
Qe4+ 31. Kg3 Qe5+ 32. Kh3 d4 33. Qc4 Qd5 34. Qd3 Qf5+ {Source: Alan Ashby
collection} 0-1

[Event "WECU-ch39"]
[Site "Weston-super-Mare"]
[Date "1984.04.23"]
[Round "7"]
[White "Anthony, Gareth"]
[Black "Miller, George I"]
[Result "1-0"]
[WhiteElo "2112"]
[BlackElo "1944"]
[PlyCount "51"]
[EventDate "1984.04.19"]
[EventType "swiss"]
[EventRounds "7"]
[EventCountry "ENG"]
[SourceTitle "BritBase"]
[Source "John Saunders"]
[SourceDate "2024.07.04"]
[SourceVersion "1"]
[SourceVersionDate "2024.07.04"]
[SourceQuality "1"]

1. e4 d5 2. exd5 Qxd5 3. Nc3 Qa5 4. d4 e5 5. dxe5 Bb4 6. Nf3 Nc6 7. Be2 Bg4 8.
O-O Bxc3 9. bxc3 Nge7 10. c4 Bxf3 11. Bxf3 Qxe5 12. Rb1 Rd8 13. Qe1 b6 14. Ba3
f6 15. Qc1 Kf7 16. Re1 Qg5 17. Qxg5 fxg5 18. Rb3 Rhe8 19. Rbe3 g6 20. h3 a5 21.
c3 h5 22. g4 hxg4 23. hxg4 a4 24. Kf1 Na5 25. Rxe7+ Rxe7 26. Bd5+ {Source:
David LeMoir} 1-0

[Event "WECU-ch39"]
[Site "Weston-super-Mare"]
[Date "1984.04.23"]
[Round "7"]
[White "Weeks, Christopher J"]
[Black "Thompson, Ian D"]
[Result "0-1"]
[WhiteElo "2000"]
[BlackElo "2120"]
[PlyCount "68"]
[EventDate "1984.04.19"]
[EventType "swiss"]
[EventRounds "7"]
[EventCountry "ENG"]
[SourceTitle "BritBase"]
[Source "John Saunders"]
[SourceDate "2024.07.04"]
[SourceVersion "1"]
[SourceVersionDate "2024.07.04"]
[SourceQuality "1"]

1. d4 e6 2. g3 Nf6 3. Bg2 d5 4. c4 Be7 5. Nf3 O-O 6. O-O Nbd7 7. Nc3 c6 8. Qd3
c5 9. cxd5 Nxd5 10. Nxd5 exd5 11. b3 Bf6 12. Bb2 Re8 13. Qc2 b6 14. Rfd1 Bb7
15. Rac1 Rc8 16. Qd3 Rc7 17. Ba1 Qc8 18. Bh3 Qd8 19. Rc2 Nb8 20. dxc5 Bxa1 21.
Rxa1 bxc5 22. Qc3 Na6 23. a3 Rce7 24. Bf1 Rd7 25. Rd1 d4 26. Qc4 Qf6 27. Ne1
Red8 28. Nd3 Bd5 29. Qa4 Qb6 30. Rb2 Rb7 31. Rdb1 Nc7 32. Bg2 Bxg2 33. Kxg2 Nb5
34. Qc4 Nxa3 {Source: Ian Thompson} 0-1

[Event "WECU-ch39"]
[Site "Weston-super-Mare"]
[Date "1984.04.23"]
[Round "7"]
[White "Dilleigh, Stephen P"]
[Black "Rossiter, Philip J"]
[Result "0-1"]
[WhiteElo "2048"]
[BlackElo "2144"]
[PlyCount "84"]
[EventDate "1984.04.19"]
[EventType "swiss"]
[EventRounds "7"]
[EventCountry "ENG"]
[SourceTitle "BritBase"]
[Source "John Saunders"]
[SourceDate "2024.07.04"]
[SourceVersion "1"]
[SourceVersionDate "2024.07.04"]
[SourceQuality "1"]

1. d4 Nf6 2. c4 e5 3. dxe5 Ng4 4. Nf3 Bc5 5. e3 Nc6 6. Nc3 O-O 7. Be2 Re8 8.
O-O Ncxe5 9. h3 Nxf3+ 10. Bxf3 Ne5 11. Be2 d6 12. b3 Bf5 13. Na4 Qh4 14. Nxc5
dxc5 15. f4 Nc6 16. a3 Rad8 17. Qe1 Qf6 18. Ra2 Bd3 19. Rf2 Bxe2 20. Rfxe2 Re4
21. Bb2 Qd6 22. Bc3 Qd1 23. Qxd1 Rxd1+ 24. Kf2 Rd3 25. Rac2 f5 26. g4 g6 27. g5
Kf7 28. Re1 b6 29. Ree2 Ke6 30. Re1 a5 31. a4 Nb4 32. Bxb4 cxb4 33. c5 Rxb3 34.
cxb6 cxb6 35. Rc6+ Kd5 36. Rxb6 Rc3 37. Rb5+ Kc4 38. Rxa5 Rc2+ 39. Kf3 b3 40.
Rb5 Kc3 41. Rb1 b2 42. a5 Rb4 {Source: David LeMoir} 0-1

[Event "WECU-ch39"]
[Site "Weston-super-Mare"]
[Date "1984.04.23"]
[Round "7"]
[White "LeMoir, David A"]
[Black "Adams, Michael"]
[Result "1/2-1/2"]
[WhiteElo "2128"]
[BlackElo "1976"]
[PlyCount "37"]
[EventDate "1984.04.19"]
[EventType "swiss"]
[EventRounds "7"]
[EventCountry "ENG"]
[SourceTitle "BritBase"]
[Source "John Saunders"]
[SourceDate "2024.07.04"]
[SourceVersion "1"]
[SourceVersionDate "2024.07.04"]
[SourceQuality "1"]

1. b3 Nf6 2. Bb2 e6 3. Nf3 Be7 4. c4 b6 5. g3 Bb7 6. Bg2 c5 7. O-O O-O 8. d4
cxd4 9. Qxd4 d6 10. Nc3 Nc6 11. Qd2 Qb8 12. Rfd1 Rd8 13. e3 a6 14. Qe2 Ra7 15.
Ng5 Ne5 16. f4 Ned7 17. Rd2 Bxg2 18. Qxg2 Qa8 19. Qxa8 {Source: David LeMoir}
1/2-1/2

[Event "WECU-ch39"]
[Site "Weston-super-Mare"]
[Date "1984.04.23"]
[Round "7"]
[White "Mordue, A Tyson"]
[Black "Elliott, Sean"]
[Result "1-0"]
[WhiteElo "2064"]
[BlackElo "1896"]
[PlyCount "81"]
[EventDate "1984.04.19"]
[EventType "swiss"]
[EventRounds "7"]
[EventCountry "ENG"]
[SourceTitle "BritBase"]
[Source "John Saunders"]
[SourceDate "2024.07.04"]
[SourceVersion "1"]
[SourceVersionDate "2024.07.04"]
[SourceQuality "1"]

1. e4 c5 2. Nf3 d6 3. d4 cxd4 4. Nxd4 Nf6 5. Nc3 a6 6. Bg5 e6 7. f4 Be7 8. Qf3
Qc7 9. O-O-O Nbd7 10. g4 b5 11. Bxf6 Nxf6 12. g5 Nd7 13. f5 Nc5 14. f6 gxf6 15.
gxf6 Bf8 16. Qh5 Bd7 17. Bh3 O-O-O 18. a3 Kb8 19. Kb1 Be8 20. Rhg1 Qb7 21. Qh4
Rc8 22. Rg3 a5 23. Bg2 b4 24. Na2 e5 25. Nf5 bxa3 26. Rxa3 Rg8 27. Bf3 Bc6 28.
Nc3 a4 29. Qxh7 Rg6 30. Qh4 Ka8 31. Nxd6 Bxd6 32. Rxd6 Rb8 33. Ra2 Qb4 34. Kc1
Rg1+ 35. Rd1 Rxd1+ 36. Bxd1 Nxe4 37. Nxe4 Bxe4 38. Bf3 Rg8 39. Qxe4+ Qxe4 40.
Bxe4+ Kb8 41. Rxa4 {Source: David LeMoir} 1-0